|
|
|
|
| LEADER |
00000cam a2200000 7i4500 |
| 001 |
0000007655 |
| 002 |
000008224 |
| 005 |
20000330.0 |
| 020 |
|
|
|a 9838932493
|
| 090 |
0 |
0 |
|a F
|b AID
|
| 100 |
0 |
|
|a Aidi Aidil
|
| 245 |
1 |
0 |
|a Musim Dingin Terakhir
|c Aidi Aidil
|
| 260 |
|
|
|a Kuala Lumpur :
|b Creative Enterprise Sdn.Bhd. ,
|c 1995
|
| 300 |
|
|
|a 211 p. ;
|c 18cm.
|
| 650 |
0 |
0 |
|a General fiction, Malay
|
| 999 |
|
|
|a 052087
|b BUKU
|c PINJAMAN
|e PERPUSTAKAAN KOMUNITI PETALING JAYA
|
| 999 |
|
|
|a 052088
|b BUKU
|c PINJAMAN
|e PERPUSTAKAAN KOMUNITI PETALING JAYA
|
| 999 |
|
|
|a 052089
|b BUKU
|c PINJAMAN
|e PERPUSTAKAAN KOMUNITI PETALING JAYA
|
| 999 |
|
|
|a 054933
|b BUKU
|c FICTION
|e PERPUSTAKAAN KOMUNITI CAW KOTA DAMANSARA
|